Experiencias de la aplicación del Convenio sobre el Régimen de Industrias Centroamericanas de Integración
Gorde:
| Egile nagusia: | |
|---|---|
| Erakunde egilea: | |
| Formatua: | Texto |
| Argitaratua: |
Guatemala:
SIECA
|
| Etiketak: |
Etiketa erantsi
Etiketarik gabe, Izan zaitez lehena erregistro honi etiketa jartzen!
|
MARC
| LEADER | 00000 a a2200000 04500 | ||
|---|---|---|---|
| 001 | 24061 | ||
| 003 | |||
| 040 | |||
| 090 | |a 171100 | ||
| 100 | |a Aguilera, Laura Q. de | ||
| 110 | |a SIECA | ||
| 245 | |a Experiencias de la aplicación del Convenio sobre el Régimen de Industrias Centroamericanas de Integración | ||
| 260 | |a Guatemala: |b SIECA | ||
| 300 | |a 36 p | ||
| 999 | |c 1746 |d 1746 | ||
